| 000 | 00573nam a2200217Ia 4500 | ||
|---|---|---|---|
| 003 | GCL | ||
| 008 | 140319s9999 xx 000 0 eng d | ||
| 040 |
_aGCL / _cGCL |
||
| 082 | 0 | 4 |
_a617 _bC C |
| 100 | 1 | _aHENNESSY,THOMAS P.J. | |
| 245 | 1 | 0 |
_aCLINICAL SURGERY / _cHENNESSY,THOMAS P.J. |
| 700 | 1 | _aROWLEY, DAVID I. | |
| 700 | 1 | _aCUSCHIERI, ALFRED | |
| 700 | 1 | _aGREENHALGH, ROGER M. | |
| 700 | 1 | _aGRACE, PIERCE A. | |
| 260 |
_a[S.N] : _bBLACK WELL SCIENCE LTD. ، _c1996 |
||
| 300 | _a596 P | ||
| 650 | 0 | 4 | _aSURGERY |
| 650 | 0 | 4 | _aSURGERY OPERATIVE |
| 942 |
_2ddc _cBK |
||
| 999 |
_c13016 _d13016 |
||